Представление документа в формате RUSMARC

ПолеНазваниеЗначение
  Тип записи a
  Библиографический уровень m
001 Контрольный номер RU/SLIB/B/208764850
005 Дата корректировки 20201206204234.9
010 Индекс ISBN __
a ISBN 5-85803-144-7
d Цена 127-43
101 Язык документа __
a Язык текста rus
200 Заглавие и сведения об ответственности 0_
a Заглавие Молодость в символизме переходных обрядов восточных славян: учение и опыт Церкви в народном христианстве
f Первые сведения об ответственности Т. А. Бернштам
b Общее обозначение материала Текст
210 Выходные данные __
a Место издания СПб.
c Издательство Петерб. Востоковедение
d Дата издания 2000
215 Физическое описание __
a Объем 394 c.
c Иллюстрации/тип воспроизводства ил.
225 Серия __
a Серия Ethnographica Petropolitana
320 Библиография __
a Библиография Библиогр. в примеч.: с. 343-394
330 Аннотация __
a Аннотация Рассмотрены переходные обряды (крещение, рождение, брак, венчание, погребение, смерть, поминовенние) в культуре восточнославянского крестьянства в сравнительном ракурсе народно-христианских представлений и учения Православной церкви. Для широкого круга.
606 Тематические рубрики __
a Основная рубрика Религия. Мистика. Свободомыслие
606 Тематические рубрики __
a Основная рубрика Этнология
606 Тематические рубрики __
a Основная рубрика Православие
610 Ключевые слова __
a Ключевые слова обряды; восточные славяне; рождение; поминки; смерть; обряд крещения; брак; венчание; погребения; поминовения; язычество; этнография
686 Индексы других классификаций __
a Классификационный индекс 86.372
686 Индексы других классификаций __
a Классификационный индекс 63.5(2)
700 Автор _1
a Фамилия Бернштам
b Имя Т. А.
4 Код отношения 070
801 Источник записи _0
a Страна RU
b Организация Муниципальное бюджетное учреждение культуры "Централизованная библиотечная система" г. Сургут (Центральная городская библиотека им. А. С. Пушкина)
g Правила каталогизации КиК/Котельникова
801 Источник записи _1
a Страна RU
b Организация Муниципальное бюджетное учреждение культуры "Централизованная библиотечная система" г. Сургут (Центральная городская библиотека им. А. С. Пушкина)
g Правила каталогизации КиК/Котельникова
852 Данные о местонахождении __
j Шифр хранения 86.372
c Каталожный индекс 86.372 ; 63.5(2)
i Авторский знак Б 51
901 Тип документа __
t Тип документа m
903 Характеристики (МАРС) __
a Дата передачи 20040226
990 Данные о заказе (DOS) __
t N записи в КСУ для И/У (DOS) 200403
j Количество экземпляров (DOS) 3